| 000 | 00410nam a2200157Ia 4500 | ||
|---|---|---|---|
| 008 | 240729s9999 xx 000 0 und d | ||
| 022 | _a2397-7523 | ||
| 245 | 0 | _aDiagnostic and Prognostic Research | |
| 260 | _aUnited Kingdom | ||
| 260 | _bBMC | ||
| 650 | _a Medicine (General) | ||
| 650 | _aMedicine | ||
| 856 | _uhttps://doaj.org/toc/5050176617f345a58d3b20766bff8dff | ||
| 942 | _2ddc | ||
| 942 | _cDOAJEJ | ||
| 999 |
_c74072 _d74072 |
||
| 945 |
_a1 _bMadushi Gamage _c1 _dMadushi Gamage |
||